000 01075nam a2200205Ii 4500
003 JO-AjNU
008 230605s9999||||xx |||||||||||||| ||und||
017 _a2018/6/2823
040 _aJO-AjNU
_bara
_erda
_cJO-AjNU
041 _aara
050 1 4 _aPJ6167.W373 2018
100 3 _aإعداد فريق عمل مشروع واقع اللغة العربية في الجامعات الاردنية,
_eauthor
_959280
245 0 0 _aواقع اللغة العربية في الجامعات الأردنية الرسمية والخاصة: جامعة مؤتة أنموذجا
264 3 1 _aعمان: اللجنة الوطنية الاردنية للنهوض باللغة العربية، 2018
300 _a195ص
_bيحنوي على ملحق الأول من ص137- 195
336 _atext
_btxt
_2rdacontent
337 _aunmediated
_bn
_2rdamedia
338 _avolume
_bnc
_2rdacarrier
650 4 _aاللغة العربية-اخطاء وتصويبات -التعليم العالي-الاردن-اللغة العربية-الاملاء-التركيب-النحو-القواعد
_959281
999 _aA26668
_c30236
_d30236